Taxing the financial sector concepts, issues, and practices /

Bibliographic Details
Corporate Authors: International Monetary Fund., ProQuest (Firm)
Other Authors: Zee, Howell H.
Format: Electronic eBook
Language:English
Published: Washington, D.C. : IMF, c2004.
Subjects:
Online Access:Click to View
LEADER 01432nam a2200397 a 4500
001 EBC3012456
003 MiAaPQ
005 20200520144314.0
006 m o d |
007 cr cn|||||||||
008 040908s2004 wau sb i000 0 eng d
010 |z  2004302438 
020 |z 1589063163 
035 |a (MiAaPQ)EBC3012456 
035 |a (Au-PeEL)EBL3012456 
035 |a (CaPaEBR)ebr10300232 
035 |a (CaONFJC)MIL384950 
035 |a (OCoLC)563868691 
040 |a MiAaPQ  |c MiAaPQ  |d MiAaPQ 
050 4 |a HJ192.5  |b .T39 2004 
245 0 0 |a Taxing the financial sector  |h [electronic resource] :  |b concepts, issues, and practices /  |c editor Howell H. Zee. 
260 |a Washington, D.C. :  |b IMF,  |c c2004. 
300 |a viii, 85 p. 
504 |a Includes bibliographical references. 
533 |a Electronic reproduction. Ann Arbor, MI : ProQuest, 2015. Available via World Wide Web. Access may be limited to ProQuest affiliated libraries. 
650 0 |a Fiscal policy. 
650 0 |a Insurance  |x Taxation. 
650 0 |a Securities  |x Taxation. 
650 0 |a Financial instruments  |x Taxation. 
650 0 |a Financial institutions  |x Taxation. 
650 0 |a Value-added tax. 
655 4 |a Electronic books. 
700 1 |a Zee, Howell H.  |q (Howell Hang) 
710 2 |a International Monetary Fund. 
710 2 |a ProQuest (Firm) 
856 4 0 |u https://ebookcentral.proquest.com/lib/matrademy/detail.action?docID=3012456  |z Click to View